Matemáticas avanzadas para ingeniería
Uloženo v:
| Hlavní autor: | |
|---|---|
| Médium: | Kniha |
| Jazyk: | španělština |
| Vydáno: |
Ciudad de México
Limusa
1976
|
| Vydání: | 3a. ed |
| Témata: | |
| Tagy: |
Přidat tag
Žádné tagy, Buďte první, kdo vytvoří štítek k tomuto záznamu!
|
MARC
| LEADER | 00000nam a2200000 a 4500 | ||
|---|---|---|---|
| 001 | UCW1387 | ||
| 003 | CL-VaPUC | ||
| 005 | 20230713112259.0 | ||
| 008 | 920611e19760000MX |||||||||||||||||spa|d | ||
| 999 | |c 216282 |d 216280 | ||
| 040 | |c Pontificia Universidad Católica de Valparaíso | ||
| 082 | 0 | 4 | |a 510 |b KRE |2 21 |
| 100 | |a Kreyszig, Erwin |e author |9 500810 | ||
| 245 | 1 | 0 | |a Matemáticas avanzadas para ingeniería |
| 250 | |a 3a. ed | ||
| 260 | |a Ciudad de México |b Limusa |c 1976 | ||
| 300 | |a 2 v | ||
| 583 | |a last modification |c 20160104 00:44:25 |k Rodrigo Vera | ||
| 650 | 0 | |a Matemáticas para ingenieros |v Problemas, ejercicios, etc |9 259317 | |
| 942 | |c BK |2 ddc | ||
| 945 | |d 19920611 00:00:00 |a mfernand | ||
| 952 | |0 0 |1 0 |4 0 |6 510_000000000000000_KRE_1976 |7 0 |8 A |9 201826 |a BIBING |b BIBING |d 2019-11-14 |h v.1 |i 1647091 |o 510 KRE 1976 |p 1647091 |r 2025-01-20 |w 2019-11-14 |y BK |k EII | ||
| 952 | |0 0 |1 0 |4 0 |6 510_000000000000000_KRE_1976 |7 0 |8 A |9 201830 |a BIBING |b BIBING |d 2019-11-14 |h v.2 |i 1643339 |o 510 KRE 1976 |p 1643339 |r 2023-03-02 |w 2019-11-14 |y BK |k EIQ | ||
| 952 | |0 0 |1 0 |2 ddc |4 0 |6 510_000000000000000_KRE_1976 |7 0 |8 A |9 201831 |a BIBING |b BIBING |d 2019-11-14 |h v.1 |i 1749900 |o 510 KRE 1976 |p 1749900 |r 2025-01-20 |w 2019-11-14 |y BK |k ING | ||
| 952 | |0 0 |1 0 |4 0 |6 510_000000000000000_KRE_1976 |7 0 |8 A |9 201833 |a BIBMAT |b BIBMAT |d 2019-11-14 |h v.1 |i 3337073 |o 510 KRE 1976 |p 3337073 |r 2025-01-07 |w 2019-11-14 |y BK |k MAT | ||
| 952 | |0 0 |1 0 |2 ddc |4 0 |6 510_000000000000000_KRE_1976 |7 0 |8 A |9 201835 |a BIBING |b BIBING |d 2019-11-14 |h v.2 |i 3178943 |l 1 |m 2 |o 510 KRE 1976 |p 3178943 |r 2025-01-20 |s 2023-08-11 |w 2019-11-14 |y BK |k ING | ||
| 952 | |0 0 |1 0 |4 0 |6 510_000000000000000_KRE_1976 |7 0 |8 R |9 201836 |a BIBMEC |b BIBMEC |d 2019-11-14 |h v.2 |i 1325116 |o 510 KRE 1976 |p 1325116 |r 2019-11-14 |w 2019-11-14 |y BK_R |k MEC | ||